000 00245nam a22001217a 4500
008 171025b xxu||||| |||| 00| 0 eng d
041 _aeng
080 _a33
100 _a54
101 _aECO
245 _aECONOMICS
_cSOBEL.G
942 _2udc
_cBK
999 _c35909
_d35909